00185nam a22000857a 4500082001700000100002500017245002700042260002100069300000900090 a620.11 MOG'N aMCGONNAGLE, WARREN J aNONDESTRUCTIVE TESTING aNEWYORKbVc1961 a455P